| 000 | 01014cam a22003257a 4500 | ||
|---|---|---|---|
| 003 | CHAP | ||
| 005 | 20220817043140.0 | ||
| 008 | 971013s1984 r 00010 d | ||
| 010 | _a66848 | ||
| 011 | _a67820 | ||
| 035 | _a77292 | ||
| 040 | _cCHAP | ||
| 082 |
_a634.61 _bF34 |
||
| 110 | _aFAO | ||
| 245 | 1 | 0 | _aCoconut, tree of life |
| 260 |
_aRome : _bFAO, _c1984 |
||
| 300 |
_a446 p. _b: ilus. |
||
| 490 | 0 |
_aFAO. Producción y protección vegetal _v; 57 |
|
| 590 |
_aBATCH-UPD _b10 _c20130110 _lUCH01 _h0825 |
||
| 590 |
_aBATCH-UPD _b10 _c20130410 _lUCH01 _h0503 |
||
| 590 |
_aBATCH-UPD _b10 _c20130914 _lUCH01 _h0955 |
||
| 590 |
_aCONVERSION _b10 _c20130109 _lUCH01 _h1337 |
||
| 650 | 1 | 4 |
_aCoco. _924234 |
| 700 | 0 |
_aOhle, J. G. _982869 |
|
| 830 | 0 |
_aFAO. Producción y protección vegetal _v; 57 _939654 |
|
| 901 | _aBK | ||
| 942 | _cLIBRO | ||
| 949 |
_a634.61 F34 _bBC _cFAO _d-30160 _eFAO1 _gI.139769 _h72309 _i77292 _si _t29.12 |
||
| 949 |
_a634.61 F34 _bBC _cFAO _d-97683 _eFAO2 _fc.2 _gI.139770 _h72310 _i77292 _si _t29.12 |
||
| 999 |
_c66848 _d66848 |
||